00997cam a2200265 a 4500001000700000003000500007005001700012008004100029010001700070020001500087025002500102035002100127040001800148042001000166050002600176082001900202111007700221245020500298260004800503300003900551504004100590650003400631700003700665700002900702110253Nust20170426111706.0971226s1995 ii ab b 100 0 eng  a 96900605  a8120410351 aI-E-96-900605; 49-91 a(DLC) 96900605 aDLCcDLCdDLC alcode00aQH541.5.M65bI63 199500a577.53 SIN2212 aInternational Symposium on Headwater Controld(1995 :cNew Delhi, India)10aSustainable Reconstruction of Highland and Headwater Regions :bproceedings of third International Symposium on Headwater Control, New Delhi, October 6-8, 1995 /ceditors, R.B. Singh, Martin J. Haigh. aNew Delhi :bOxford & IBH Pub. Co.,cc1995. axi, 681 p. :bill., maps ;c25 cm. aIncludes bibliographical references. 0aMountain ecologyvCongresses.1 aSingh, R. B.q(Ram Babu),d1955-1 aHaigh, Martin J.,d1950-